1317 1122 1815 1908 1341 1898 1349 1076 1432 1532 1978 1448 1060 1622 1012 1254 1455 1230 1384 1988 1304 1315 1022 1482 1976 1518 1927 1878 1189 1758 1415 1531 1390 1141 1900 1499 1014 1858 1206 1492 1355 1135 1976 1270 1511 1366 1039 1798 1659 1203 1067 1763 1518 1117 1962 1906 1620 1599 1053 1760 1896 1491 1023 1365 1226 1240 1272 1375 1624 1514 1102 1902 1460 1317 1369 1077 1203 1200 1857 1909 1135 1377 1152 1196 1244 1362 1129 1069 1765 1102 1464 1398 1748 1895 1165 1687 1952 1707 1816 BCNSPRNW ULIB Ver.6.0+V

เปลี่ยนเป็นภาษาไทย

Change to English
 แสดงรายละเอียดบรรณานุกรม
  กลับหน้าหลัก

Brief Record : Get Marc (ISO 2709) : E-mail record : QR code < ปิดหน้าต่าง
LEADER : 00000nam 2200000uu 4500
001    13399129065
003     ULIB
008    250605s2567||||th 000 0 tha d
020    ^a9786166195378
060    ^aWY100^bว528ว
100    ^aวิจิตรา กุสุมภ์
245    ^aวิชาชีพการพยาบาลและบทนำสู่การพยาบาล (NURSING PROFESSION AND INTRODUCTION TO NURSING)
250    ^aพิมพ์ครั้งที่ 1
260    ^aนนทบุรี :^bพี.เค.เค. พริ้นท์ติ้ง,^c2567
300    ^a272 หน้า
650    ^aการพยาบาล
945    ^p320^l0^i30530
945    ^p320^l0^i30531
945    ^p320^l0^i30532
945    ^p320^l0^i30533
945    ^p320^l0^i30534
999    ^aกัณชพร จุลอักษร
รายการนี้ยังไม่มีแท็ก
คุณยังไม่ได้ล็อกอิน คุณสามารถมีกิจกรรมร่วมกับเว็บไซต์ได้ แต่ต้องล็อกอินก่อน ::
  ล็อกอิน

รายการสื่อสารสนเทศ

ลำดับที่ ประเภท เลขเรียก/บาร์โค้ด สถานที่ สถานะ
1. หนังสือสำรอง
หนังสือสำรอง
WY100 ว528ว ฉ.1 
  Barcode: 30530
ห้องสมุดวิทยาเขตนครสวรรค์
►หนังสือทั่วไป:l:General Books
บนชั้น
2. วิทยาศาสตร์การแพทย์ และสุขภาพ
วิทยาศาสตร์การแพทย์ และสุขภาพ
WY100 ว528ว ฉ.2 
  Barcode: 30531
ห้องสมุดวิทยาเขตนครสวรรค์
►หนังสือทั่วไป:l:General Books
บนชั้น
3. วิทยาศาสตร์การแพทย์ และสุขภาพ
วิทยาศาสตร์การแพทย์ และสุขภาพ
WY100 ว528ว ฉ.3 
  Barcode: 30532
ห้องสมุดวิทยาเขตนครสวรรค์
►หนังสือทั่วไป:l:General Books
บนชั้น
4. วิทยาศาสตร์การแพทย์ และสุขภาพ
วิทยาศาสตร์การแพทย์ และสุขภาพ
WY100 ว528ว ฉ.4 
  Barcode: 30533
ห้องสมุดวิทยาเขตนครสวรรค์
►หนังสือทั่วไป:l:General Books
บนชั้น
5. วิทยาศาสตร์การแพทย์ และสุขภาพ
วิทยาศาสตร์การแพทย์ และสุขภาพ
WY100 ว528ว ฉ.5 
  Barcode: 30534
ห้องสมุดวิทยาเขตนครสวรรค์
►หนังสือทั่วไป:l:General Books
บนชั้น

รายการใกล้เคียง
    ชื่อเรื่อง [วิชาชีพการพยาบาลและบทนำสู่การพยาบาล (NURSING PROFESSION AND INTRODUCTION TO NURSING)]

    ผู้แต่ง [วิจิตรา กุสุมภ์]

    หัวเรื่อง [การพยาบาล]

BibComment


ยังไม่เคยถูกคอมเมนท์

คอมเมนท์ทรัพยากรรายการนี้
  คอมเมนท์: วิชาชีพการพยาบาล..


 Copyright 2026. Bcnsprnw @Library